History of Taiwan Quiz - Statistics

General Stats
  • This quiz has been taken 713 times
  • The average score is 11 of 17
Answer Stats
Question Answer % Correct
What country occupied Taiwan between 1895–1945? Japan
92%
What International body expelled Taiwan in 1971? United Nations
91%
What European countries controlled parts of Taiwan by the 17th century? Spain
86%
What European countries controlled parts of Taiwan by the 17th century? Netherlands
85%
What did Taiwan become the first country to legalise in Asia in 2019? Same-Sex Marriage
81%
What Chinese dynasty annexed Taiwan in 1683? Qing dynasty
77%
What skyscraper was world's tallest building between 2004–2010? Taipei {101}
77%
What generalissimo established Taiwan after fleeing the mainland in 1949? Chiang Kai-Shek
75%
By what name was Taiwan known as to the Europeans during the colonial era? Formosa
74%
After losing what was did ROC relocate its government to Taipei? Chinese Civil War
64%
What type of popular tea-based drink was invented in Taiwan in the 1980s? Bubble Tea
60%
What was the political party of the above? Kuomintang
59%
What type of military "law" was lifted from Taiwan in 1987? Martial law
56%
What corporation was founded by Terry Gou in 1974 - known for making iPhones? {Fox}conn
48%
What Taiwanese film director was the first Asian to win the Oscars Best Director? Ang Lee
45%
Who was elected the President of Taiwan in 2016? Tsai Ing-wen
29%
For what movie did he win it in 2001? Crouching Tiger, Hidden Dragon
24%
No matching quizzes found
Score Distribution
Percent of People with Each Score
Percentile by Number Answered
Your Score History
You have not taken this quiz